| 000 | 01721nam a2200229Ia 4500 | ||
|---|---|---|---|
| 008 | 260220t1977||||xx |||||||||||||| ||spa|| | ||
| 040 |
_aPY-SlUNAC _bspa _erda |
||
| 041 | _aspa | ||
| 082 |
_a633.68 _bC333s |
||
| 245 | 0 | _aSistema de producción de yuca | |
| 264 |
_aCali : _bCentro de Investigación Agrícola Tropical, _c℗1977. |
||
| 300 | _a1 volumen | ||
| 520 | _aEl libro "Sistema de producción de yuca" publicado por el Centro de Investigación Agrícola Tropical en 1977, ofrece un análisis exhaustivo sobre las prácticas y técnicas de cultivo de la yuca, un tubérculo de gran importancia alimentaria y económica en diversas regiones tropicales. A lo largo de sus capítulos, se abordan aspectos fundamentales como la selección de variedades, la preparación del suelo, el manejo de plagas y enfermedades, así como las técnicas de cosecha y almacenamiento. El texto enfatiza la necesidad de implementar métodos sostenibles que optimicen la producción y mejoren la calidad del cultivo, considerando factores climáticos y edáficos. Además, se discuten innovaciones tecnológicas y su impacto en la productividad, resaltando la relevancia de la investigación agronómica en el desarrollo de sistemas de cultivo más eficientes. En conjunto, esta obra se convierte en un recurso valioso para agricultores, investigadores y estudiantes interesados en la agroindustria y la mejora de la producción agrícola de la yuca en contextos tropicales. | ||
| 653 | _aAgricultura | ||
| 653 | _aProducción agrícola | ||
| 653 | _aYuca | ||
| 942 |
_b2026/02/17 _cBK |
||
| 999 |
_c8657 _d8657 |
||